000 00955nam a2200313Ia 4500
003 OSt
005 20220912150713.0
006 a|||||r|||| 00| 0
007 ta
008 220909b |||||||| |||| 00| 0 eng d
020 _a1898563632 (hbd)
024 _a7540
037 _bEducational,
037 _cTextual
040 _aCSL
_beng
_cCSL
041 _aeng
082 _aE:(C216), N9 TE
100 _aLadd Mark
245 0 _aCrystal structures: lattices and solids in stereoview
260 _aChichester, England Horwood Publishing Limited
_c1999
300 _axiii, 171p.
_ccm.
490 _aHorwood series in chemical science
500 _aAppendix 1-3, 150-157p; Bibliographical references 158-159p.
_ccm.; Index 169-171p.
_ccm.
650 _a Condensed matter
650 _a Crystal structure
650 _aChemistry
942 _hE:(C216), N9 TE
_cTEXL
_2CC
999 _c53027
_d53027